| 000 | 00410nam a22001217a 4500 | ||
|---|---|---|---|
| 999 |
_c5350 _d5350 |
||
| 008 | 250909b ||||| |||| 00| 0 eng d | ||
| 020 | _a9787561964538 | ||
| 082 | _a495.183 MA | ||
| 100 |
_aMA,YAMIN _eAUTHOR _lMANDARIN |
||
| 245 | _aEASY STEPS TO CHINESE BOOK 4 (2ND EDITION) | ||
| 260 |
_aNO.15 XUEYUAN ROAD,HAIDIAN DISTRICT,BEIJING, CHINA 100083 _bBEIJING LANGUAGE&CULTURE UNIVERSITY PRESS _c2024 |
||
| 942 | _2ddc | ||